000 00776nam a2200277Ia 4500
001 C7704
003 IT-RoPAU
008 130308s9999 xx 000 0 und d
040 _aIT-RoPAU
040 _cIT-RoPAU
041 _aITALIANO
100 _aLucchini Gabriele
100 _gCodice Aut. SPICS: 4466
245 _aImmagini materiali nell'insegnamento della geometria (Le)
245 _bScuola 2000: insegnare con L'Immagine - una Metodologia
250 _a1a ed.
260 _aROMA
260 _bEdav
260 _c1994 [1° Ed.:1994 - Ed.Ling.Originale:1994]
300 _a"15 p. (prefazione: no ; testo: 15 [pagine: 125-139])"
650 _aDIDATTICA AUDIOVISIVA
650 _eCodice materia Spics: 4002
942 _cBK
957 _71
999 _c81304
_d81304
999 _g1